[Event "Figueres op-B 17th"]
[Site "Figueres"]
[Date "2016.08.13"]
[Round "4"]
[White "Murillo Fiol, Rodrigo"]
[Black "Almendros Gonzalez, Nuria Feng"]
[Result "1-0"]
[WhiteElo "1515"]
[BlackElo "1686"]
[PlyCount "29"]
[EventDate "2016.08.11"]
[EventType "swiss"]
[EventRounds "9"]
[EventCountry "ESP"]
[SourceTitle "EXT 2017"]
[Source "ChessBase"]
[SourceDate "2016.10.25"]
[SourceVersion "1"]
[SourceVersionDate "2016.10.25"]
[SourceQuality "1"]

1. e4 e5 2. Nf3 Nc6 3. d4 exd4 4. Bc4 Nf6 5. e5 Qe7 6. 0-0 Qc5 7. Bxf7+ Kxf7 8. Ng5+ Ke8 9. exf6 gxf6 10. Qh5+ Kd8 11. Nf7+ Ke8 12. Re1+ Ne5 13. Nxe5+ Ke7 14. Nd3+ Kd8 15. Qe8# 1-0

[Event "Figueres op-B 17th"]
[Site "Figueres"]
[Date "2016.08.11"]
[Round "1"]
[White "Murillo Fiol, Rodrigo"]
[Black "Claret, Franck"]
[Result "0-1"]
[WhiteElo "1515"]
[BlackElo "1923"]
[PlyCount "48"]
[EventDate "2016.08.11"]
[EventType "swiss"]
[EventRounds "9"]
[EventCountry "ESP"]
[SourceTitle "EXT 2017"]
[Source "ChessBase"]
[SourceDate "2016.10.25"]
[SourceVersion "1"]
[SourceVersionDate "2016.10.25"]
[SourceQuality "1"]

1. e4 c5 2. Nf3 d6 3. d4 cxd4 4. Nxd4 Nf6 5. Nc3 g6 6. Be3 Bg7 7. Bc4 Nc6 8. f3 Nd7 9. Qd2 Nb6 10. Bb3 Na5 11. 0-0 Nbc4 12. Qe2 Nxe3 13. Qxe3 Qb6 14. Rad1 e5 15. Na4 exd4 16. Bxf7+ Ke7 17. Qg5+ Bf6 18. Nxb6 Bxg5 19. Nxa8 Be3+ 20. Kh1 Kxf7 21. Nc7 Be6 22. Nb5 Nc6 23. Nxd6+ Ke7 24. Nb5 Bc4 0-1

[Event "Catalunya-ch Previa"]
[Site "Girona"]
[Date "2016.01.30"]
[Round "6.4"]
[White "Murillo Fiol, Rodrigo"]
[Black "Torres Camps, Aleix"]
[Result "0-1"]
[WhiteElo "1731"]
[BlackElo "1900"]
[PlyCount "49"]
[EventDate "2016.01.16"]
[EventType "swiss"]
[EventRounds "5"]
[EventCountry "ESP"]
[SourceTitle "EXT 2024"]
[Source "ChessBase"]
[SourceDate "2023.10.10"]
[SourceVersion "1"]
[SourceVersionDate "2023.10.10"]
[SourceQuality "1"]

1. e4 c6 2. d4 d5 3. Nc3 dxe4 4. Nxe4 Nd7 5. Nf3 Ndf6 6. Nxf6+ Nxf6 7. Bd3 Bg4 8. Be3 e6 9. Be2 Be7 10. Nd2 Bxe2 11. Qxe2 0-0 12. 0-0-0 a5 13. Nb3 a4 14. Nc5 b6 15. Nd3 Qd5 16. Kb1 b5 17. Nc5 b4 18. Qd3 Ng4 19. h3 Nxe3 20. Qxe3 Rfb8 21. b3 axb3 22. Nxb3 Ra3 23. Kb2 Rba8 24. Ra1 Bf6 25. Rhd1 0-1

[Event "Figueres Nadal op 5th"]
[Site "Figueres"]
[Date "2016.01.02"]
[Round "3"]
[White "Murillo Fiol, Rodrigo"]
[Black "Almendros Gonzalez, Nuria Feng"]
[Result "1-0"]
[WhiteElo "1731"]
[BlackElo "1676"]
[PlyCount "55"]
[EventDate "2016.01.02"]
[EventType "swiss"]
[EventRounds "7"]
[EventCountry "ESP"]
[SourceTitle "EXT 2017"]
[Source "ChessBase"]
[SourceDate "2016.10.25"]
[SourceVersion "1"]
[SourceVersionDate "2016.10.25"]
[SourceQuality "1"]

1. e4 e5 2. Nf3 Nc6 3. d4 exd4 4. Bc4 Nf6 5. e5 Qe7 6. 0-0 Ne4 7. Re1 Nc5 8. Bg5 f6 9. exf6 Qxe1+ 10. Qxe1+ Kd8 11. f7+ Ne7 12. Nxd4 d6 13. Nf5 Bxf5 14. Nc3 Bxc2 15. Nd5 Ne4 16. Nxe7 Bxe7 17. Bxe7+ Kxe7 18. f3 Kd7 19. fxe4 Rhf8 20. e5 Bf5 21. exd6 cxd6 22. Qb4 Bg6 23. Qxb7+ Kd8 24. Qxa8+ Ke7 25. Qxa7+ Kd8 26. Re1 Kc8 27. Re7 Kd8 28. Qd7# 1-0

[Event "Girona op 5th"]
[Site "Girona"]
[Date "2014.07.15"]
[Round "1"]
[White "Murillo Fiol, Rodrigo"]
[Black "Granados Aguilera, Cristian"]
[Result "0-1"]
[WhiteElo "1755"]
[BlackElo "2014"]
[PlyCount "92"]
[EventDate "2014.07.15"]
[EventType "swiss"]
[EventRounds "9"]
[EventCountry "ESP"]
[SourceTitle "EXT 2016"]
[Source "ChessBase"]
[SourceDate "2015.10.08"]
[SourceVersion "1"]
[SourceVersionDate "2015.10.08"]
[SourceQuality "1"]

1. e4 d5 2. exd5 Qxd5 3. Nc3 Qd6 4. d4 Nf6 5. Nf3 a6 6. Bc4 b5 7. Bb3 Bb7 8. 0-0 Nbd7 9. Re1 e6 10. Ng5 Be7 11. Nge4 Qc6 12. d5 exd5 13. Nxd5 Nxd5 14. Bxd5 Qxd5 15. Qxd5 Bxd5 16. Bg5 f6 17. Bf4 0-0-0 18. Nc3 Bb4 19. Nxd5 Bxe1 20. Rxe1 Rde8 21. Kf1 Rxe1+ 22. Kxe1 Re8+ 23. Kf1 Ne5 24. Nb4 Kb7 25. Bxe5 Rxe5 26. Nd3 Re7 27. Nc5+ Kb6 28. Nd3 Re4 29. f3 Rc4 30. c3 Rc6 31. Ke2 Re6+ 32. Kd2 c5 33. Nf4 Re5 34. Nd3 Rd5 35. Kc2 Rh5 36. h3 Rg5 37. g4 h5 38. Nf2 hxg4 39. fxg4 Re5 40. Kd2 c4 41. h4 g6 42. a3 Ka5 43. Nd1 Ka4 44. Ne3 Kb3 45. Nd1 Re4 46. Nf2 Rf4 0-1

[Event "Llinars del Valles op-B 8th"]
[Site "Llinars del Valles"]
[Date "2014.05.03"]
[Round "2"]
[White "Murillo Fiol, Rodrigo"]
[Black "Las Heras Aixandri, Guillem"]
[Result "0-1"]
[WhiteElo "1804"]
[BlackElo "1912"]
[PlyCount "48"]
[EventDate "2014.04.26"]
[EventType "swiss"]
[EventRounds "8"]
[EventCountry "ESP"]
[SourceTitle "EXT 2015"]
[Source "ChessBase"]
[SourceDate "2014.11.20"]
[SourceVersion "1"]
[SourceVersionDate "2014.11.20"]
[SourceQuality "1"]

1. e4 c5 2. Nf3 e6 3. d4 cxd4 4. Nxd4 Nf6 5. Nc3 Nc6 6. Be3 Bb4 7. Bd3 d5 8. exd5 exd5 9. 0-0 0-0 10. Nce2 Bg4 11. f3 Bh5 12. c3 Bd6 13. Nf4 Nxd4 14. cxd4 Qc7 15. Rc1 Qb6 16. Nxh5 Nxh5 17. Qb3 Qxb3 18. axb3 Rac8 19. Bf5 Rce8 20. Rfe1 Bb4 21. Bf2 Bxe1 22. Bxe1 Nf4 23. Kf1 g6 24. g3 Ne2 0-1

[Event "Catalunya-ch U14"]
[Site "Saragosa"]
[Date "2014.01.25"]
[Round "1.9"]
[White "Merino Palomino, Carlos"]
[Black "Murillo Fiol, Rodrigo"]
[Result "0-1"]
[WhiteElo "1700"]
[BlackElo "1804"]
[PlyCount "44"]
[EventDate "2014.01.25"]
[EventType "swiss"]
[EventRounds "8"]
[EventCountry "ESP"]
[SourceTitle "EXT 2024"]
[Source "ChessBase"]
[SourceDate "2023.10.10"]
[SourceVersion "1"]
[SourceVersionDate "2023.10.10"]
[SourceQuality "1"]

1. e4 e5 2. Nf3 Nc6 3. Bc4 Nf6 4. Nc3 Bc5 5. d3 d6 6. 0-0 0-0 7. Bg5 h6 8. Bxf6 Qxf6 9. Nd5 Qd8 10. Re1 Bg4 11. h3 Bh5 12. Qd2 Bxf3 13. gxf3 Nd4 14. Kg2 c6 15. c3 Ne6 16. Ne3 Nf4+ 17. Kg3 Qg5+ 18. Kh2 Qh5 19. Kg1 Nxh3+ 20. Kf1 Nf4 21. Kg1 Qg5+ 22. Ng2 Qxg2# 0-1

[Event "Catalunya-ch U14"]
[Site "Saragosa"]
[Date "2014.01.25"]
[Round "2.4"]
[White "Murillo Fiol, Rodrigo"]
[Black "Arribas Viera, David"]
[Result "0-1"]
[WhiteElo "1804"]
[BlackElo "1856"]
[PlyCount "54"]
[EventDate "2014.01.25"]
[EventType "swiss"]
[EventRounds "8"]
[EventCountry "ESP"]
[SourceTitle "EXT 2024"]
[Source "ChessBase"]
[SourceDate "2023.10.10"]
[SourceVersion "1"]
[SourceVersionDate "2023.10.10"]
[SourceQuality "1"]

1. e4 c5 2. Nf3 e6 3. d4 cxd4 4. Nxd4 a6 5. Nc3 d6 6. Be3 Nf6 7. f3 Be7 8. Bc4 0-0 9. 0-0 Bd7 10. Qd2 Nc6 11. Rad1 Rc8 12. a3 Nxd4 13. Qxd4 Bc6 14. Bb3 Qc7 15. Bg5 Rfd8 16. Qe3 Rd7 17. Rfe1 Rcd8 18. e5 dxe5 19. Rxd7 Rxd7 20. Qxe5 Bd6 21. Qe2 Bxh2+ 22. Kf1 Nh5 23. Bh4 Bg3 24. Bg5 Bxe1 25. Qxe1 Qg3 26. Qxg3 Nxg3+ 27. Kg1 Nf5 0-1

[Event "Figueres 3rd op"]
[Site "Figueres"]
[Date "2013.12.21"]
[Round "6"]
[White "Murillo Fiol, Rodrigo"]
[Black "Salleras Mercader, Josep M"]
[Result "0-1"]
[WhiteElo "1813"]
[BlackElo "1526"]
[PlyCount "48"]
[EventDate "2013.12.19"]
[EventType "swiss"]
[EventRounds "8"]
[EventCountry "ESP"]
[SourceTitle "EXT 2024"]
[Source "ChessBase"]
[SourceDate "2023.10.10"]
[SourceVersion "1"]
[SourceVersionDate "2023.10.10"]
[SourceQuality "1"]

1. e4 e5 2. Nf3 Nc6 3. Bc4 Nf6 4. Ng5 d5 5. exd5 Na5 6. Bb5+ c6 7. dxc6 bxc6 8. Be2 a6 9. Nf3 e4 10. Ne5 Bd6 11. Nc4 Nxc4 12. Bxc4 Bg4 13. Be2 Bf5 14. 0-0 0-0 15. f3 Bc5+ 16. Kh1 Bg6 17. fxe4 Nxe4 18. Bf3 Nf2+ 19. Rxf2 Bxf2 20. Bxc6 Rc8 21. Ba4 Qh4 22. Qf3 Bb6 23. Bb3 Qe1+ 24. Qf1 Qxf1# 0-1